| 000 | 00639nam a22002297a 4500 | ||
|---|---|---|---|
| 003 | UA-OsUOA | ||
| 001 | 41875 | ||
| 007 | ta | ||
| 008 | 20081110b un ||||| |||| 00| 0 ukr d | ||
| 100 | _aКрупницький Борис | ||
| 090 |
_a94(477).04 _bК84 |
||
| 942 | _cBK | ||
| 040 |
_aUA-OsUOA _bukr _cUA-OsUOA _dUA-OsUOA |
||
| 245 |
_aГетьман Пилип Орлик (1672-1742) _bЙого життя і доля |
||
| 300 | _a80 с. | ||
| 955 | _a4 | ||
| 041 | _aukr | ||
| 080 | _a94(477).04 | ||
| 260 |
_aК. _b"Дніпро" _c1991 |
||
| 650 | 7 |
_a9 Географія. Біографії. Історія _2UDC |
|
| 999 |
_c440376 _d440376 |
||